Сборник студенческих научных работ. Вып. 23 (Запись № 11376333)

Подробности
000 -МАРКЕР
контрольное поле 02783nam2a2200313 4500
001 - ИДЕНТИФИКАТОР ЗАПИСИ
контрольное поле RU\NLR\BIBL_A\011698486
005 - ИДЕНТИФИКАТОР ВЕРСИИ
контрольное поле 20180524160350.0
010 ## - МЕЖДУНАРОДНЫЙ СТАНДАРТНЫЙ НОМЕР КНИГИ (ISBN)
Номер (ISBN) 978-5-9675-1653-5
Тираж 100
021 ## - НОМЕР ГОСУДАРСТВЕННОЙ РЕГИСТРАЦИИ
Код страны Российская Федерация
Номер КН-П-18-025710
Номер Листа государственной регистраци КН-П-18-1881
035 ## - ДРУГИЕ СИСТЕМНЫЕ НОМЕРА
Идентификатор записи (NLR Aleph) 011698486
035 ## - ДРУГИЕ СИСТЕМНЫЕ НОМЕРА
Идентификатор записи (RuMoRGB)009596875
100 ## - ДАННЫЕ ОБЩЕЙ ОБРАБОТКИ
Данные общей обработки 20180514d2017 k y0rusy50 ca
101 0# - ЯЗЫК РЕСУРСА
Язык текста, звукозаписи и т.д. русский
-- английский
102 ## - СТРАНА ПУБЛИКАЦИИ ИЛИ ПРОИЗВОДСТВА
Страна публикации Российская Федерация
105 ## - ПОЛЕ КОДИРОВАННЫХ ДАННЫХ: ТЕКСТОВЫЕ МАТЕРИАЛЫ, МОНОГРАФИЧЕСКИЕ
Кодированные данные о монографическом текстовом документе a z 110 y
200 0# - ЗАГЛАВИЕ И СВЕДЕНИЯ ОБ ОТВЕТСТВЕННОСТИ
Основное заглавие Вып. 23
Сведения, относящиеся к заглавию [сборник статей по материалам докладов 70-й Международной студенческой научно-практической конференции, посвященной 125-летию со дня рождения профессора Н.Д. Кондратьева, 14-17 марта 2017 г.]
Первые сведения об ответственности Министерство сельского хозяйства Российской Федерации, Российский государственный аграрный университет - МСХА им. К.А. Тимирязева
Последующие сведения об ответственности [редакционная коллегия: проф. С.Л. Белопухов и др.]
210 ## - ПУБЛИКАЦИЯ, РАСПРОСТРАНЕНИЕ И ДР.
Дата издания, распространения и т.д. 2017
215 ## - ФИЗИЧЕСКАЯ ХАРАКТЕРИСТИКА
Специфическое обозначение материала и объем 522 с.
Другие сведения о физической характеристике ил.
300 ## - ОБЩИЕ ПРИМЕЧАНИЯ
Текст примечания Текст рус., англ.
320 ## - ПРИМЕЧАНИЯ О НАЛИЧИИ В ДОКУМЕНТЕ БИБЛИОГРАФИИ / УКАЗАТЕЛЯ
Текст примечания Библиогр. в конце ст.
461 #0 - УРОВЕНЬ НАБОРА
Встроенное поле 001RU\NLR\bibl\14633
-- 2001#$aСборник студенческих научных работ$e[Докл., удостоенные дипломов I и II степ.]$fДепартамент кадровой политики и образования М-ва сел. хоз-ва и продовольствия Рос. Федерации, Моск. с.-х. акад. им. К.А.Тимирязева$g[Редкол.: проф. Л.А. Паничкин и др.]$vВып. 23
Системный номер (АБИС) связанной записи 57109
Автор Московская сельскохозяйственная академия им. К. А. Тимирязева
Место публикации М.
Дата публикации 1998
Первые сведения об ответственности Департамент кадровой политики и образования М-ва сел. хоз-ва и продовольствия Рос. Федерации, Моск. с.-х. акад. им. К.А.Тимирязева
Имя издателя, распространителя и т.д. Изд-во МСХА
Сведения, относящиеся к заглавию [Докл., удостоенные дипломов I и II степ.]
Заглавие Сборник студенческих научных работ
Номер тома Вып. 23
711 02 - НАИМЕНОВАНИЕ ОРГАНИЗАЦИИ - АЛЬТЕРНАТИВНАЯ ОТВЕТСТВЕННОСТЬ
Начальный элемент ввода Российский государственный аграрный университет - МСХА им. К. А. Тимирязева
Структурное подразделение Международная студенческая научно-практическая конференция
Порядковый номер временной организации и / или порядковый номер ее части 70
Дата проведения временной организации 2017
Системный номер авторитетной/нормативной записи 568284
Идентификатор авторитетной/нормативной записи RU\NLR\AUTH\880452176
852 ## - МЕСТОНАХОЖДЕНИЕ И ШИФР ХРАНЕНИЯ
Идентификатор организации NLR
Шифр хранения (Call Number) 98-3/9998
942 ## - ДОПОЛНИТЕЛЬНЫЕ ЭЛЕМЕНТЫ ЗАПИСИ (АБИС)
Тип экземпляра АБИС Книга
980 ## - КОЛЛЕКЦИЯ
Название коллекции Национальная библиография
Экземпляры
Тип экземпляра Дата поступления Источник поступления Стоимость Библиотека постоянного хранения Библиотека текущего хранения Место хранения Шифр хранения Штрих-код Статус экземпляра
Книга 14.05.2018 Обязательный экземпляр 0.00 РНБ (Московский) РНБ (Московский) Русский книжный фонд: издания с 1957 года 98-3/9998 1-2288271  
Книга 14.05.2018 Обязательный экземпляр 0.00 РНБ (Московский) РНБ (Московский) Русский книжный фонд: издания с 1957 года 98-3/9998 1-2288272